000
00406nam a22001577a 4500
003
MPLRDC
005
20220105061050.0
008
210129b ||||| |||| 00| 0 eng d
082
_a
DISC
100
_a
释德扬 编著
245
_a
少林大罗汉拳--1 DISC
_c
250
_a
初版一刷
260
_a
中国
_b
成都时代出版社
_c
2015
650
_a
中国武术--少林拳
942
_c
CDA
_o
DISC
999
_c
68319
_d
68309